Statistics for Страны, начинающиеся на букву Г

Click here to take the quiz!

General Stats

  • This quiz has been taken 1 091 times
  • The average score is 8 of 13

Answer Stats

Страна% Correct
Германия
79%
Гондурас
72%
Гвинея
71%
Греция
68%
Гана
63%
Гватемала
61%
Грузия
58%
Габон
56%
Гаити
54%
Гамбия
53%
Гвинея-Бисау
49%
Гайана
48%
Гренада
45%

Score Distribution

Percentile by Number Answered

Percent of People with Each Score

Your Score History

You have not taken this quiz